000 00585cam a22002052 4500
001 0000001045
005 20151217151804.0
008 070223s xx 000 0 eng d
020 _a0854768912 :
_cKES990
040 _aKABU
_cKABU
050 0 _aBV600.2
_b.N39
100 1 _aNazir-Ali, Michael.
_@0000149551
245 1 0 _aShapes of the church to come. /
_cMichael Nazir-Ali.
260 _aEastbourne :
_bKingsway,
_c2001.
300 _a286 p. ;
_c20 cm.
650 0 _aChurch.
_@0000149546
908 _a070223
950 _@1
999 _c5043
_d5043